Nuevos caminos de la arquitectura Suiza

Bibliographic Details
Main Authors: Bachmann, J, Moos, Vons
Format: Section = Libro
Language:Undetermined
Spanish
Published: Barcelona Blume 1969
Subjects:
LEADER 00458nam a2200181Ia 4500
008 240829s9999 xx 000 0 und d
040 |a BIBLIOTECA-RUSB/ 720.9485 B124 
041 |a spa 
082 |a 720.9485 B124 
100 1 |a Bachmann, J  
100 1 |b  Moos, Vons 
245 1 0 |a Nuevos caminos de la arquitectura Suiza 
260 |a Barcelona  |b Blume  |c 1969 
300 |a 128 p. :il. 
650 7 |a ARQUITECTURA-SUIZA 
942 |c BK  |2 ddc 
991 |a TEXTO 
999 |c 5078